| 000 | 01293cam a2200265 i 4500 | ||
|---|---|---|---|
| 003 | SA-RiAUC | ||
| 005 | 20260306115352.0 | ||
| 008 | 260224s1997 sy g 000 0 ara c | ||
| 040 |
_aSA-JeALM _bara _cSA-RiAUC _erda |
||
| 082 | 0 | 4 | _a237.3 |
| 090 |
_a237.3 _bم ك ي |
||
| 100 | _aالمكي، عبدالحفيظ ملك عبدالحق | ||
| 245 | 0 | 0 |
_aاستحباب الدعاء بعد الفرائض ورفع اليدين فيه / _bفي ضوء كتاب الله وسنة رسوله صلى الله عليه وسلم وأقوال أئمة العلم في كل عصر ومكان _cعبدالحفيظ ملك عبدالحق المكي |
| 250 | _aالطبعة الأولى. | ||
| 264 | 1 |
_aمكة المكرمة : _bالمكتبة الإمدادية، _c2005 |
|
| 300 |
_a141 صفحة ؛ _c24 سم |
||
| 336 |
_aنص _btxt _2rdacontent _3كتاب |
||
| 337 |
_aبدون وسيط _bn _2rdamedia |
||
| 500 | _aختم اهداء من السيد حسن شعيب الى الشيخ رحمه الله بتاريخ 3 / 5 / 1428 هـ | ||
| 650 | 7 |
_aالأدعية والأوراد _2aucsh |
|
| 650 | 7 |
_aالدعاء بعد الصلاة (فقه إسلامي) _2aucsh |
|
| 650 | 7 |
_aالعبادات (فقه إسلامي) _2aucsh |
|
| 942 |
_2ddc _cBOOK _n0 |
||
| 949 |
_aSA-JeALM _d260224 _uosman123 _n1 |
||
| 999 |
_c14470 _d14470 |
||